Statistics for NHLers with the most points A-Z

Click here to take the quiz!

General Stats

  • This quiz has been taken 34 times
  • The average score is 15 of 26

Answer Stats

HintAnswer% Correct
G2,897Wayne Gretzky
97%
Y1,755Steve Yzerman
90%
O1,497*Alex Ovechkin
86%
M1,887Mark Messier
83%
J1,921Jaromír Jágr
79%
L1,723Mario Lemieux
79%
H1.850Gordie Howe
76%
E1,590Phil Esposito
69%
K1,398Jari Kurri
66%
D1,771Marcel Dionne
66%
C1,531Paul Coffey
66%
I1,300Jarome Iginla
62%
B1,597Ray Bourque
62%
S1,641Joe Sakic
59%
F1,798Ron Francis
55%
A1,338Dave Andreychuk
45%
R1,533Mark Recchi
45%
X13*Arber Xhekaj
41%
P1,326Gilbert Perreault
41%
U1,229Norm Ullman
38%
Q685Dan Quinn
34%
T1,539Joe Thornton
34%
Z960Henrik Zetterberg
28%
V1,062Pat Verbeek
21%
N1,209Bernie Nicholls
17%
W1,064Ray Whitney
17%

Score Distribution

Percentile by Number Answered

Percent of People with Each Score

Your Score History

You have not taken this quiz